[Event "HUN-chT2 Barcza 1819"]
[Site "Hungary"]
[Date "2019.04.28"]
[Round "11.7"]
[White "Kovacs, Laszlo7777"]
[Black "Csukerda, Attila"]
[Result "0-1"]
[WhiteElo "1625"]
[BlackElo "1958"]
[PlyCount "44"]
[EventDate "2018.09.23"]
[EventType "team-tourn"]
[EventRounds "11"]
[EventCountry "HUN"]
[SourceTitle "EXT 2021"]
[Source "ChessBase"]
[SourceDate "2020.10.23"]
[SourceVersion "1"]
[SourceVersionDate "2020.10.23"]
[SourceQuality "1"]
[WhiteTeam "Debrecen Sakkiskola"]
[BlackTeam "Edeleny"]
[WhiteTeamCountry "HUN"]
[BlackTeamCountry "HUN"]

1. e4 c6 2. Nc3 d5 3. f4 g6 4. Nf3 dxe4 5. Nxe4 Bg7 6. d4 Bg4 7. c3 Nf6 8. Nxf6+ Bxf6 9. g3 Qb6 10. b4 a5 11. Ba3 Nd7 12. bxa5 Qxa5 13. Bb4 Qb6 14. h3 Bf5 15. a4 0-0 16. Ne5 Rad8 17. g4 Be4 18. Nxd7 Rxd7 19. a5 Qc7 20. Rh2 Qxf4 21. Raa2 Bh4+ 22. Rhf2 Qe3+ 0-1

[Event "HUN-chT2 Barcza 1718"]
[Site "Hungary"]
[Date "2018.03.25"]
[Round "10.6"]
[White "Hegedus, Gyorgy"]
[Black "Csukerda, Attila"]
[Result "1-0"]
[WhiteElo "2057"]
[BlackElo "1983"]
[PlyCount "41"]
[EventDate "2017.09.24"]
[EventType "team-tourn"]
[EventRounds "11"]
[EventCountry "HUN"]
[SourceTitle "EXT 2021"]
[Source "ChessBase"]
[SourceDate "2020.10.23"]
[SourceVersion "1"]
[SourceVersionDate "2020.10.23"]
[SourceQuality "1"]
[WhiteTeam "Debrecen Sakkiskola II"]
[BlackTeam "Edeleny"]
[WhiteTeamCountry "HUN"]
[BlackTeamCountry "HUN"]

1. d4 Nf6 2. Bg5 e6 3. Nf3 Be7 4. Nbd2 d5 5. e3 0-0 6. Bd3 b6 7. Ne5 h6 8. Bh4 Nfd7 9. Bg3 Nxe5 10. Bxe5 Nd7 11. Bg3 Bd6 12. Nf3 a5 13. Qe2 Qe7 14. Bb5 c5 15. c3 c4 16. 0-0 Ba6 17. Ba4 Bxg3 18. hxg3 b5 19. Bc2 f5 20. Nh4 b4 21. Ng6 1-0

[Event "HUN-chT2 Barcza 1718"]
[Site "Hungary"]
[Date "2017.12.03"]
[Round "5.6"]
[White "Kovacs, Marton"]
[Black "Csukerda, Attila"]
[Result "1-0"]
[WhiteElo "2144"]
[BlackElo "1983"]
[PlyCount "53"]
[EventDate "2017.09.24"]
[EventType "team-tourn"]
[EventRounds "11"]
[EventCountry "HUN"]
[SourceTitle "EXT 2021"]
[Source "ChessBase"]
[SourceDate "2020.10.23"]
[SourceVersion "1"]
[SourceVersionDate "2020.10.23"]
[SourceQuality "1"]
[WhiteTeam "Hajduboszormeny"]
[BlackTeam "Edeleny"]
[WhiteTeamCountry "HUN"]
[BlackTeamCountry "HUN"]

1. d4 Nf6 2. Bf4 d5 3. c4 c6 4. e3 Bg4 5. Qb3 Qb6 6. c5 Qxb3 7. axb3 Nbd7 8. b4 Nh5 9. Bc7 a6 10. h3 Bf5 11. Nd2 Bc2 12. g4 Nhf6 13. Ne2 Rc8 14. Bh2 e6 15. Nc1 Be7 16. Ncb3 Bxb3 17. Nxb3 0-0 18. Na5 b6 19. Bxa6 bxa5 20. Bxc8 Rxc8 21. Rxa5 Kf8 22. Ke2 Nb8 23. Ra8 Nfd7 24. Rha1 Ke8 25. R1a7 Kd8 26. Rb7 e5 27. dxe5 1-0

[Event "HUN-chT2 Barcza 1718"]
[Site "Hungary"]
[Date "2017.10.29"]
[Round "3"]
[White "Saller, Imre"]
[Black "Csukerda, Attila"]
[Result "1-0"]
[WhiteElo "1800"]
[BlackElo "1983"]
[PlyCount "123"]
[EventDate "2017.09.24"]
[EventType "team-tourn"]
[EventRounds "11"]
[EventCountry "HUN"]
[SourceTitle "EXT 2021"]
[Source "ChessBase"]
[SourceDate "2020.10.23"]
[SourceVersion "1"]
[SourceVersionDate "2020.10.23"]
[SourceQuality "1"]
[WhiteTeam "Hajduszoboszlo"]
[BlackTeam "Edeleny"]
[WhiteTeamCountry "HUN"]
[BlackTeamCountry "HUN"]

1. d4 Nf6 2. c4 c5 3. d5 b5 4. b3 d6 5. Bb2 bxc4 6. bxc4 g6 7. Nd2 Bg7 8. Qc2 0-0 9. e4 Nbd7 10. Bd3 Rb8 11. Ngf3 e6 12. 0-0 Rxb2 13. Qxb2 Nxe4 14. Qa3 Nxd2 15. Nxd2 Bxa1 16. Rxa1 Ne5 17. Be4 Qg5 18. Rd1 exd5 19. Bxd5 Bg4 20. Qg3 Qh6 21. Nf3 Bxf3 22. gxf3 Re8 23. Kg2 Qh5 24. Re1 Rb8 25. f4 Ng4 26. Bf3 Qxh2+ 27. Qxh2 Nxh2 28. Kxh2 Rb4 29. Bd5 Rb2 30. Kg3 Kf8 31. Ra1 Ke7 32. a4 a5 33. Ra3 Kf6 34. f3 h5 35. Be4 Rb4 36. Bd5 Rb2 37. Bc6 Kf5 38. Bd7+ Kf6 39. Rd3 Ke7 40. Bb5 Rc2 41. Re3+ Kf6 42. Re8 Kf5 43. Re7 Kf6 44. Ra7 Ke6 45. Be8 Ra2 46. Bxf7+ Kf5 47. Be8 h4+ 48. Kxh4 Kxf4 49. Rf7+ Ke5 50. Kg3 d5 51. cxd5 Kxd5 52. Ra7 Kd4 53. Rxa5 Ra1 54. Kf4 Rg1 55. Bc6 c4 56. Rg5 Ra1 57. a5 c3 58. Be4 Kc4 59. Bxg6 Kb3 60. Ke3 Re1+ 61. Kf2 Re6 62. Bf7 1-0

[Event "HUN-chT2 Barcza 1718"]
[Site "Hungary"]
[Date "2017.10.08"]
[Round "2.9"]
[White "Kacsandi, Lili Fruzsina"]
[Black "Csukerda, Attila"]
[Result "1/2-1/2"]
[WhiteElo "1806"]
[BlackElo "1983"]
[PlyCount "41"]
[EventDate "2017.09.24"]
[EventType "team-tourn"]
[EventRounds "11"]
[EventCountry "HUN"]
[SourceTitle "EXT 2021"]
[Source "ChessBase"]
[SourceDate "2020.10.23"]
[SourceVersion "1"]
[SourceVersionDate "2020.10.23"]
[SourceQuality "1"]
[WhiteTeam "Debrecen Sakkbaratok"]
[BlackTeam "Edeleny"]
[WhiteTeamCountry "HUN"]
[BlackTeamCountry "HUN"]

1. e4 c6 2. d4 d5 3. exd5 cxd5 4. c4 Nf6 5. Nc3 Nc6 6. Nf3 Bg4 7. cxd5 Nxd5 8. Qb3 Bxf3 9. gxf3 e6 10. Qxb7 Nxd4 11. Bb5+ Nxb5 12. Qc6+ Ke7 13. Nxb5 a6 14. Nc3 Nxc3 15. Qxc3 f6 16. Be3 Kf7 17. 0-0 Be7 18. Rfd1 Qc8 19. Qxc8 Raxc8 20. Rac1 Rhd8 21. Rxd8 1/2-1/2

[Event "HUN-chT2 Barcza 1718"]
[Site "Hungary"]
[Date "2017.09.24"]
[Round "1.6"]
[White "Dobai, Szabolcs"]
[Black "Csukerda, Attila"]
[Result "1-0"]
[WhiteElo "2138"]
[BlackElo "1983"]
[PlyCount "67"]
[EventDate "2017.09.24"]
[EventType "team-tourn"]
[EventRounds "11"]
[EventCountry "HUN"]
[SourceTitle "EXT 2021"]
[Source "ChessBase"]
[SourceDate "2020.10.23"]
[SourceVersion "1"]
[SourceVersionDate "2020.10.23"]
[SourceQuality "1"]
[WhiteTeam "Lillafured DVTK II"]
[BlackTeam "Edeleny"]
[WhiteTeamCountry "HUN"]
[BlackTeamCountry "HUN"]

1. c4 e5 2. g3 Nc6 3. Nc3 g6 4. Bg2 Bg7 5. d3 Nf6 6. Nf3 0-0 7. 0-0 d6 8. Bg5 h6 9. Bxf6 Bxf6 10. Rb1 a5 11. a3 Bg7 12. b4 axb4 13. axb4 f5 14. Qb3 Kh7 15. b5 Ne7 16. Nd2 Ng8 17. Ra1 Rb8 18. Ra7 f4 19. Rfa1 fxg3 20. hxg3 Nf6 21. Ra8 Rxa8 22. Rxa8 Qd7 23. Ra7 Ng4 24. Nce4 Qf5 25. Bf3 Qh5 26. Nf1 Qf5 27. b6 Nf6 28. Nxf6+ Qxf6 29. bxc7 Bg4 30. Qxb7 Bc8 31. Qd5 g5 32. Nd2 g4 33. Ne4 Qg6 34. Bg2 1-0

[Event "HUN-chT2 Barcza 1617"]
[Site "Hungary"]
[Date "2016.11.13"]
[Round "4.4"]
[White "Kiss, Sandor1111"]
[Black "Csukerda, Attila"]
[Result "0-1"]
[WhiteElo "2020"]
[BlackElo "1993"]
[PlyCount "64"]
[EventDate "2016.09.25"]
[EventType "team-tourn"]
[EventRounds "11"]
[EventCountry "HUN"]
[SourceTitle "EXT 2021"]
[Source "ChessBase"]
[SourceDate "2020.10.23"]
[SourceVersion "1"]
[SourceVersionDate "2020.10.23"]
[SourceQuality "1"]
[WhiteTeam "Tiszavasvar"]
[BlackTeam "Edeleny"]
[WhiteTeamCountry "HUN"]
[BlackTeamCountry "HUN"]

1. e4 c6 2. d3 d5 3. Nd2 dxe4 4. dxe4 Nf6 5. Ngf3 Bg4 6. h3 Bh5 7. Be2 e6 8. 0-0 Be7 9. Ne5 Bxe2 10. Qxe2 Nbd7 11. Nef3 0-0 12. e5 Nd5 13. Ne4 Nc5 14. Ng3 Qc7 15. Rd1 Rad8 16. Rd4 f5 17. exf6 Bxf6 18. Rc4 Qe7 19. Be3 Nxe3 20. Qxe3 Rd5 21. Ne4 Nxe4 22. Rxe4 Bxb2 23. Rb1 Bf6 24. Qxa7 Qc5 25. Rxb7 Qxc2 26. Rxe6 Bd4 27. Qa3 Bxf2+ 28. Kh2 Bc5 29. Qb2 Bd6+ 30. Kg1 Rd1+ 31. Re1 Rxe1+ 32. Nxe1 Qc5+ 0-1

[Event "HUN-chT2 Barcza 1415"]
[Site "Hungary"]
[Date "2014.09.21"]
[Round "?"]
[White "Csukerda, Attila"]
[Black "Szarvas, Peter"]
[Result "1/2-1/2"]
[WhiteElo "1943"]
[BlackElo "2176"]
[PlyCount "87"]
[EventDate "2014.09.07"]
[EventType "team-tourn"]
[EventRounds "11"]
[EventCountry "HUN"]
[SourceTitle "EXT 2016"]
[Source "ChessBase"]
[SourceDate "2015.10.08"]
[SourceVersion "1"]
[SourceVersionDate "2015.10.08"]
[SourceQuality "1"]
[WhiteTeam "Edeleny"]
[BlackTeam "Hajduszoboszlo"]
[WhiteTeamCountry "HUN"]
[BlackTeamCountry "HUN"]

1. d4 c5 2. c3 e6 3. Nf3 Nf6 4. Bf4 b5 5. e3 a6 6. Nbd2 Bb7 7. Bd3 d6 8. h3 Nbd7 9. 0-0 Be7 10. Qe2 Qb6 11. Rac1 0-0 12. Bb1 Rfe8 13. e4 Rac8 14. Rfe1 Nf8 15. dxc5 dxc5 16. Rcd1 Ng6 17. Bh2 Rcd8 18. Ne5 c4 19. Ndf3 Bc5 20. Ng4 Nxg4 21. hxg4 Rxd1 22. Rxd1 e5 23. Bg3 Bc8 24. Nh4 Nxh4 25. Bxh4 Qh6 26. Rd5 Qxh4 27. Rxc5 Qxg4 28. Qd2 Qf4 29. Qd1 Bg4 30. Qe1 h5 31. Rd5 Re6 32. g3 Qf3 33. Qe3 Qxe3 34. fxe3 Kf8 35. Bc2 Ke7 36. a4 Rd6 37. Rxe5+ Kf6 38. Rd5 Rxd5 39. exd5 Ke5 40. axb5 axb5 41. e4 f5 42. exf5 Kxd5 43. f6 gxf6 44. Bg6 1/2-1/2

[Event "HUN-chT2 Barcza 1415"]
[Site "Hungary"]
[Date "2014.09.07"]
[Round "?"]
[White "Csukerda, Attila"]
[Black "Nagy, Tibor"]
[Result "1-0"]
[WhiteElo "1943"]
[BlackElo "1961"]
[PlyCount "113"]
[EventDate "2014.09.07"]
[EventType "team-tourn"]
[EventRounds "11"]
[EventCountry "HUN"]
[SourceTitle "EXT 2016"]
[Source "ChessBase"]
[SourceDate "2015.10.08"]
[SourceVersion "1"]
[SourceVersionDate "2015.10.08"]
[SourceQuality "1"]
[WhiteTeam "Edeleny"]
[BlackTeam "Nadudvar"]
[WhiteTeamCountry "HUN"]
[BlackTeamCountry "HUN"]

1. d4 Nf6 2. Bf4 d6 3. Nc3 g6 4. Qd2 c6 5. e4 Nbd7 6. Nf3 Qc7 7. e5 dxe5 8. Nxe5 Nh5 9. Nxg6 Nxf4 10. Qxf4 Qxf4 11. Nxf4 Nf6 12. f3 Bf5 13. Bd3 Bxd3 14. Nxd3 0-0-0 15. Ne2 Bh6 16. Ne5 Rhf8 17. f4 Nd5 18. g3 f6 19. Ng4 Bg7 20. 0-0-0 h5 21. Nf2 e5 22. Ne4 exf4 23. Nxf4 Bh6 24. Nc5 Nxf4 25. gxf4 Bxf4+ 26. Kb1 Rde8 27. Nd3 Be3 28. c3 h4 29. Rdf1 Bg5 30. Re1 b6 31. Kc2 Kd7 32. Kd1 a5 33. Rxe8 Rxe8 34. Re1 Be3 35. Re2 Re6 36. h3 Ke7 37. Ne1 Bg5 38. b3 b5 39. Nf3 Kd6 40. Ne1 Kd5 41. Rxe6 Kxe6 42. Ke2 Kf5 43. Nd3 Ke4 44. Nc5+ Kf4 45. Kf2 b4 46. cxb4 axb4 47. Nd3+ Ke4 48. Nxb4 Be3+ 49. Kg2 Bxd4 50. Nxc6 Bc3 51. Ne7 Kd3 52. Nd5 Be5 53. Kf3 f5 54. a4 Kd4 55. Ne7 Kc3 56. b4 Kb3 57. a5 1-0

[Event "HUN-chT2 Barcza 1314"]
[Site "Hungary"]
[Date "2014.04.27"]
[Round "11"]
[White "Kassay, Krisztian"]
[Black "Csukerda, Attila"]
[Result "1-0"]
[WhiteElo "1924"]
[BlackElo "1960"]
[PlyCount "47"]
[EventDate "2013.09.08"]
[EventType "team-tourn"]
[EventRounds "11"]
[EventCountry "HUN"]
[SourceTitle "EXT 2016"]
[Source "ChessBase"]
[SourceDate "2015.10.08"]
[SourceVersion "1"]
[SourceVersionDate "2015.10.08"]
[SourceQuality "1"]
[WhiteTeam "Miskolc KisBocsok"]
[BlackTeam "Edeleny"]
[WhiteTeamCountry "HUN"]
[BlackTeamCountry "HUN"]

1. e4 c6 2. d4 d5 3. exd5 cxd5 4. Bd3 Nc6 5. c3 Nf6 6. Bf4 Bg4 7. Qb3 Qc8 8. Nd2 e6 9. Ngf3 Be7 10. 0-0 0-0 11. Rae1 a6 12. Qc2 Bh5 13. Ne5 Bg6 14. Nxg6 hxg6 15. Nf3 b5 16. a3 Qb7 17. Qe2 Nh5 18. Bc1 Nf6 19. Ng5 Qd7 20. f4 Rae8 21. Rf3 Bd6 22. Rh3 Qe7 23. Qf3 Nh5 24. Rxh5 1-0

[Event "HUN-chT2 Barcza 1314"]
[Site "Hungary"]
[Date "2014.03.23"]
[Round "9"]
[White "Czina, Peter"]
[Black "Csukerda, Attila"]
[Result "1/2-1/2"]
[WhiteElo "1822"]
[BlackElo "1960"]
[PlyCount "107"]
[EventDate "2013.09.08"]
[EventType "team-tourn"]
[EventRounds "11"]
[EventCountry "HUN"]
[SourceTitle "EXT 2016"]
[Source "ChessBase"]
[SourceDate "2015.10.08"]
[SourceVersion "1"]
[SourceVersionDate "2015.10.08"]
[SourceQuality "1"]
[WhiteTeam "Nadudvar"]
[BlackTeam "Edeleny"]
[WhiteTeamCountry "HUN"]
[BlackTeamCountry "HUN"]

1. Nf3 d5 2. g3 Bf5 3. Bg2 Nc6 4. 0-0 Qd7 5. d3 Bh3 6. e4 Bxg2 7. Kxg2 0-0-0 8. exd5 Qxd5 9. Nc3 Qd7 10. Bf4 f6 11. a3 e5 12. Be3 h5 13. b4 h4 14. b5 Nd4 15. Bxd4 exd4 16. Ne4 hxg3 17. fxg3 Qh3+ 18. Kg1 Ne7 19. Nf2 Qh5 20. Nh4 Qxb5 21. Qg4+ Qd7 22. Qf3 Qd5 23. Qg4+ Kb8 24. Rab1 Qh5 25. Qe4 Qd5 26. Qg4 g5 27. Ng2 Bh6 28. Rb3 f5 29. Qe2 Rde8 30. Rfb1 b6 31. a4 f4 32. Ne4 Nc6 33. Qf3 fxg3 34. Qxg3 Qe5 35. Qf3 g4 36. Qg3 Qxg3 37. hxg3 Ref8 38. Nh4 Be3+ 39. Kg2 Rf7 40. Rf1 Rhf8 41. Rxf7 Rxf7 42. Rb5 a6 43. Rb1 Kc8 44. Rxb6 cxb6 45. Nd6+ Kb8 46. Nxf7 Nb4 47. Ne5 Nxc2 48. Nxg4 Ne1+ 49. Kf1 Nxd3 50. Nxe3 dxe3 51. g4 Nf4 52. g5 b5 53. axb5 axb5 54. g6 1/2-1/2

[Event "HUN-chT2 Barcza 1314"]
[Site "Hungary"]
[Date "2014.02.16"]
[Round "7"]
[White "Csukerda, Attila"]
[Black "Adorjan, Attila"]
[Result "1/2-1/2"]
[WhiteElo "1960"]
[BlackElo "1983"]
[PlyCount "51"]
[EventDate "2013.09.08"]
[EventType "team-tourn"]
[EventRounds "11"]
[EventCountry "HUN"]
[SourceTitle "EXT 2016"]
[Source "ChessBase"]
[SourceDate "2015.10.08"]
[SourceVersion "1"]
[SourceVersionDate "2015.10.08"]
[SourceQuality "1"]
[WhiteTeam "Edeleny"]
[BlackTeam "Debrecen Sakkiskola"]
[WhiteTeamCountry "HUN"]
[BlackTeamCountry "HUN"]

1. d4 Nf6 2. Bf4 g6 3. Nc3 d6 4. Qd2 Bg7 5. Bh6 0-0 6. h4 Bf5 7. Bxg7 Kxg7 8. 0-0-0 h5 9. f3 d5 10. Nh3 Qd7 11. Ng5 b5 12. e4 b4 13. exf5 bxc3 14. Qxc3 Qxf5 15. Qe3 Qd7 16. Be2 Nc6 17. Bb5 Rab8 18. Bxc6 Qxc6 19. Qxe7 Rbe8 20. Qb4 Qa6 21. Qa3 Qxa3 22. bxa3 Re3 23. Rd3 Re2 24. Rd2 Re3 25. Rd3 Re2 26. Rd2 1/2-1/2

[Event "HUN-chT2 Barcza 1314"]
[Site "Hungary"]
[Date "2014.02.02"]
[Round "6"]
[White "Karolyfalvi, Zoltan"]
[Black "Csukerda, Attila"]
[Result "1-0"]
[WhiteElo "2139"]
[BlackElo "1960"]
[PlyCount "113"]
[EventDate "2013.09.08"]
[EventType "team-tourn"]
[EventRounds "11"]
[EventCountry "HUN"]
[SourceTitle "EXT 2016"]
[Source "ChessBase"]
[SourceDate "2015.10.08"]
[SourceVersion "1"]
[SourceVersionDate "2015.10.08"]
[SourceQuality "1"]
[WhiteTeam "Kazincbarcika"]
[BlackTeam "Edeleny"]
[WhiteTeamCountry "HUN"]
[BlackTeamCountry "HUN"]

1. d4 Nf6 2. Nf3 g6 3. c4 c5 4. d5 e6 5. Nc3 exd5 6. cxd5 d6 7. e4 Bg7 8. Be2 0-0 9. 0-0 Re8 10. Qc2 a6 11. a4 Qc7 12. Nd2 Nbd7 13. f4 Rb8 14. Kh1 Nf8 15. Nc4 N6d7 16. a5 b5 17. axb6 Nxb6 18. Ne3 Ra8 19. Bd2 Bd4 20. Ra3 Qe7 21. Bd3 f5 22. exf5 Bxe3 23. Re1 Qh4 24. Rxe3 Rxe3 25. Bxe3 Qe1+ 26. Bg1 c4 27. Qe2 Qc1 28. f6 cxd3 29. Qe7 Ra7 30. Qxa7 Nbd7 31. Qe3 Qxb2 32. Qe7 Nxf6 33. Qxf6 Qxa3 34. h3 Nd7 35. Qd8+ Nf8 36. Qxc8 Qc1 37. Qc4 d2 38. Qd3 Qxc3 39. Qxc3 d1Q 40. Qf6 Qxd5 41. Bd4 Ne6 42. Qh8+ Kf7 43. Qxh7+ Kf8 44. Bf6 Qf5 45. Be7+ Ke8 46. Bxd6 Qf7 47. Qh8+ Kd7 48. Qb8 Qe8 49. Qb6 Qc8 50. Be5 Qc6 51. Qa7+ Ke8 52. Kh2 Qc4 53. Bd6 Kd8 54. Qe7+ Kc8 55. Qe8+ Kb7 56. Qxg6 Nxf4 57. Qg4 1-0

[Event "HUN-chT2 Barcza 1213"]
[Site "Hungary"]
[Date "2013.03.17"]
[Round "9.5"]
[White "Csukerda, Attila"]
[Black "Papp, Abel"]
[Result "1/2-1/2"]
[WhiteElo "2006"]
[BlackElo "2183"]
[PlyCount "80"]
[EventDate "2012.09.16"]
[EventType "team-tourn"]
[EventRounds "11"]
[EventCountry "HUN"]
[SourceTitle "EXT 2014"]
[Source "ChessBase"]
[SourceDate "2013.11.20"]
[SourceVersion "1"]
[SourceVersionDate "2013.11.20"]
[SourceQuality "1"]
[WhiteTeam "Edeleny"]
[BlackTeam "Miskolc EMSE"]
[WhiteTeamCountry "HUN"]
[BlackTeamCountry "HUN"]

1. d4 d5 2. Bf4 Nf6 3. e3 c6 4. Bd3 Bg4 5. Nf3 e6 6. h3 Bh5 7. Nbd2 Nbd7 8. c3 Be7 9. Qb3 Qb6 10. 0-0 0-0 11. c4 Bg6 12. Bxg6 hxg6 13. c5 Qa6 14. Qc2 b6 15. b4 Qb7 16. Rfb1 Rfc8 17. Qd3 a5 18. bxa5 Rxa5 19. cxb6 Nxb6 20. Rb3 Qa6 21. Qb1 Na4 22. Rb8 Rb5 23. Rxc8+ Qxc8 24. Qc2 Qa6 25. Rb1 c5 26. dxc5 Nxc5 27. Be5 Nfd7 28. Bd4 Bd6 29. Rxb5 Qxb5 30. Bxc5 Nxc5 31. Nb3 Nxb3 32. axb3 Qa6 33. g3 e5 34. Qc3 f6 35. Ne1 Kf7 36. Qd3 Qa5 37. Nc2 f5 38. b4 Qa2 39. b5 Qb1+ 40. Kg2 Qa2 1/2-1/2

[Event "HUN-chT2 Barcza 1213"]
[Site "Hungary"]
[Date "2012.09.16"]
[Round "1.8"]
[White "Csukerda, Attila"]
[Black "Bobak, Sandor"]
[Result "1-0"]
[WhiteElo "2006"]
[BlackElo "1865"]
[PlyCount "115"]
[EventDate "2012.09.16"]
[EventType "team-tourn"]
[EventRounds "11"]
[EventCountry "HUN"]
[SourceTitle "EXT 2014"]
[Source "ChessBase"]
[SourceDate "2013.11.20"]
[SourceVersion "1"]
[SourceVersionDate "2013.11.20"]
[SourceQuality "1"]
[WhiteTeam "Edeleny"]
[BlackTeam "Debrecen Betu"]
[WhiteTeamCountry "HUN"]
[BlackTeamCountry "HUN"]

1. d4 d5 2. Nf3 e6 3. Bf4 Bd6 4. Bg3 Nf6 5. e3 c5 6. c3 Nc6 7. Nbd2 0-0 8. Bd3 Re8 9. Ne5 cxd4 10. exd4 Qc7 11. f4 Ne7 12. 0-0 Nf5 13. Bf2 g6 14. Qf3 Bf8 15. Qh3 Nh5 16. g3 Nfg7 17. Qg2 Bd7 18. Be1 Bc6 19. g4 Nf6 20. f5 Be7 21. g5 exf5 22. gxf6 Bxf6 23. Bg3 Qb6 24. Ndf3 Nh5 25. Kh1 Nxg3+ 26. hxg3 Re7 27. Rf2 h5 28. Re1 Bb5 29. Bxb5 Qxb5 30. Rd1 Kg7 31. Qf1 Qa5 32. a3 a6 33. Qd3 Qb6 34. Kg2 Rh8 35. Rh1 Qb3 36. Qc2 Qb6 37. Qa4 Qd8 38. Qb3 g5 39. Nd3 Re3 40. Nfe5 b5 41. Rxf5 h4 42. g4 Bxe5 43. Nxe5 f6 44. Kf2 Rg3 45. Nf3 Rxg4 46. Nh2 Qd6 47. Rf3 Rf4 48. Rg1 Re8 49. Qd1 Rfe4 50. Ng4 Rf4 51. Ne5 fxe5 52. Rxg5+ Kf6 53. dxe5+ Rxe5 54. Rxf4+ Kxg5 55. Qg4+ Kh6 56. Qxh4+ Kg6 57. Rg4+ Kf7 58. Qh7+ 1-0

[Event "HUN-chT2 Barcza 1112 "]
[Site "Hungary"]
[Date "2012.03.11"]
[Round "7"]
[White "Timar, Jozsef"]
[Black "Csukerda, Attila"]
[Result "1/2-1/2"]
[WhiteElo "1966"]
[BlackElo "2061"]
[PlyCount "38"]
[EventDate "2011.09.25"]
[EventType "team-tourn"]
[EventRounds "11"]
[EventCountry "HUN"]
[SourceTitle "EXT 2013"]
[Source "ChessBase"]
[SourceDate "2012.11.22"]
[SourceVersion "1"]
[SourceVersionDate "2012.11.22"]
[SourceQuality "1"]
[WhiteTeam "Debrecen Sakkbaratok"]
[BlackTeam "Edeleny"]
[WhiteTeamCountry "HUN"]
[BlackTeamCountry "HUN"]

1. e4 c6 2. f4 d5 3. exd5 cxd5 4. d4 Nc6 5. Nf3 Nf6 6. Bb5 Qb6 7. Nc3 Bg4 8. Be3 e6 9. h3 Bh5 10. g4 Bg6 11. Ne5 Ne4 12. Bxc6+ bxc6 13. Nxg6 Nxc3 14. bxc3 hxg6 15. Qd3 Bd6 16. Kd2 Rb8 17. f5 gxf5 18. gxf5 Qb5 19. fxe6 Qxd3+ 1/2-1/2

[Event "HUN-chT2 Barcza 1112 "]
[Site "Hungary"]
[Date "2011.10.30"]
[Round "2"]
[White "Lendak, Lajos"]
[Black "Csukerda, Attila"]
[Result "1/2-1/2"]
[WhiteElo "1890"]
[BlackElo "2061"]
[PlyCount "33"]
[EventDate "2011.09.25"]
[EventType "team-tourn"]
[EventRounds "11"]
[EventCountry "HUN"]
[SourceTitle "EXT 2013"]
[Source "ChessBase"]
[SourceDate "2012.11.22"]
[SourceVersion "1"]
[SourceVersionDate "2012.11.22"]
[SourceQuality "1"]
[WhiteTeam "Sarospatak"]
[BlackTeam "Edeleny"]
[WhiteTeamCountry "HUN"]
[BlackTeamCountry "HUN"]

1. e4 c6 2. d4 d5 3. exd5 cxd5 4. Nf3 Nc6 5. Be2 Bg4 6. 0-0 Nf6 7. h3 Bh5 8. Nc3 e6 9. Ne5 Bxe2 10. Nxe2 Be7 11. f4 Qb6 12. c3 0-0 13. Ng3 Bd6 14. Kh2 Qc7 15. Qf3 Ne7 16. Kh1 g6 17. Bd2 1/2-1/2

[Event "HUN-chT2 Barcza 0910"]
[Site "Hungary"]
[Date "2009.12.06"]
[Round "3.5"]
[White "Csukerda, Attila"]
[Black "Pasztor, Ferenc"]
[Result "1/2-1/2"]
[WhiteElo "2058"]
[BlackElo "2084"]
[PlyCount "34"]
[EventDate "2009.11.08"]
[EventType "team-tourn"]
[EventRounds "11"]
[EventCountry "HUN"]
[SourceTitle "EXT 2011"]
[Source "ChessBase"]
[SourceDate "2010.11.26"]
[SourceVersion "1"]
[SourceVersionDate "2010.11.26"]
[SourceQuality "1"]
[WhiteTeam "Edeleny"]
[BlackTeam "SSASSE"]
[WhiteTeamCountry "HUN"]
[BlackTeamCountry "HUN"]

1. d4 Nf6 2. Nf3 g6 3. Bf4 Bg7 4. Nc3 d5 5. Qd2 0-0 6. e3 a6 7. Bd3 Nbd7 8. h3 Re8 9. Ne5 c6 10. 0-0 Nxe5 11. Bxe5 Nd7 12. Bf4 Nf6 13. Be5 Nd7 14. Bf4 Nf6 15. Be5 Nd7 16. Bf4 Nf6 17. Be5 Nd7 1/2-1/2

[Event "HUN-chT2 Barcza 0708"]
[Site "Hungary"]
[Date "2008.05.18"]
[Round "11"]
[White "Dudlak, Laszlo"]
[Black "Csukerda, Attila"]
[Result "1/2-1/2"]
[WhiteElo "2020"]
[BlackElo "2114"]
[PlyCount "61"]
[EventDate "2007.10.14"]
[EventType "team"]
[EventRounds "11"]
[EventCountry "HUN"]
[SourceTitle "EXT 2009"]
[Source "ChessBase"]
[SourceDate "2008.11.26"]
[SourceVersion "1"]
[SourceVersionDate "2008.11.26"]
[SourceQuality "1"]
[WhiteTeam "Piremon"]
[BlackTeam "Edeleny"]
[WhiteTeamCountry "HUN"]
[BlackTeamCountry "HUN"]

1. e4 c6 2. d4 d5 3. Nc3 dxe4 4. Nxe4 Bf5 5. Ng3 Bg6 6. Bc4 e6 7. N1e2 Bd6 8. 0-0 Nf6 9. f4 Qc8 10. Bd3 Bxd3 11. Qxd3 g6 12. f5 gxf5 13. Bg5 Be7 14. c4 Rg8 15. Bxf6 Bxf6 16. Rae1 Bh4 17. Kh1 Na6 18. Nc3 Bxg3 19. hxg3 Qd7 20. Qxf5 Nc7 21. Qxh7 Rf8 22. Qh4 f6 23. Rxf6 0-0-0 24. Rxf8 Rxf8 25. Rd1 Qg7 26. Kg1 Qf7 27. Qf4 Qg7 28. Qe5 Qf7 29. d5 Qf2+ 30. Kh2 Rf5 31. Qh8+ 1/2-1/2